| 000 -LEADER |
| fixed length control field |
01347nam a2200301 i 4500 |
| 003 - CONTROL NUMBER IDENTIFIER |
| control field |
AR-BaISA |
| 005 - DATE AND TIME OF LATEST TRANSACTION |
| control field |
20190123103018.0 |
| 007 - PHYSICAL DESCRIPTION FIXED FIELD--GENERAL INFORMATION |
| fixed length control field |
ta |
| 008 - FIXED-LENGTH DATA ELEMENTS--GENERAL INFORMATION |
| fixed length control field |
170823e2011 ag a b 00| 0 spa d |
| 020 ## - INTERNATIONAL STANDARD BOOK NUMBER |
| International Standard Book Number |
9789879762356 |
| 040 ## - CATALOGING SOURCE |
| Transcribing agency |
AR-BaISA |
| 082 04 - DEWEY DECIMAL CLASSIFICATION NUMBER |
| Edition number |
22 |
| Classification number |
306 K124 |
| 245 00 - TITLE STATEMENT |
| Title |
Paradigmas del siglo XXI: |
| Remainder of title |
los valores en la economía, la política y la cultura. |
| 246 3# - VARYING FORM OF TITLE |
| Title proper/short title |
Paradigmas del siglo veintiuno |
| 264 #1 - PRODUCTION, PUBLICATION, DISTRIBUTION, MANUFACTURE, AND COPYRIGHT NOTICE |
| Place of production, publication, distribution, manufacture |
Buenos Aires: |
| Name of producer, publisher, distributor, manufacturer |
Instituto Tecnológico de Buenos Aires (ITBA) / |
| -- |
Universidad de Bologna (Sede Buenos Aires) / |
| -- |
Universidad Torcuato Di Tella, |
| Date of production, publication, distribution, manufacture, or copyright notice |
2011 |
| 300 ## - PHYSICAL DESCRIPTION |
| Extent |
385 p.: |
| Other physical details |
il.; |
| Dimensions |
22 cm |
| 336 ## - CONTENT TYPE |
| Content type term |
text |
| Source |
rdacontent |
| 337 ## - MEDIA TYPE |
| Media type term |
unmediated |
| Source |
rdamedia |
| 338 ## - CARRIER TYPE |
| Carrier type term |
volume |
| Source |
rdacarrier |
| 505 ## - FORMATTED CONTENTS NOTE |
| Title |
Comprendiendo el mundo en que vivimos -- |
| -- |
Tendencias en la política, la sociedad y la economía -- |
| -- |
Testimonios de los protagonistas -- |
| -- |
La visión de los jóvenes -- |
| -- |
Abanico de propuestas -- |
| -- |
Reflexiones a modo de síntesis a partir del psicoanálisis, la ciencia y la cultura |
| 650 14 - SUBJECT ADDED ENTRY--TOPICAL TERM |
| Topical term or geographic name entry element |
Crítica en los negocios |
| Geographic subdivision |
Argentina |
| 9 (RLIN) |
167 |
| 650 14 - SUBJECT ADDED ENTRY--TOPICAL TERM |
| Topical term or geographic name entry element |
Responsabilidad social |
| Geographic subdivision |
Argentina. |
| 9 (RLIN) |
169 |
| 650 14 - SUBJECT ADDED ENTRY--TOPICAL TERM |
| Topical term or geographic name entry element |
Economía |
| General subdivision |
aspectos éticos |
| 9 (RLIN) |
168 |
| 650 14 - SUBJECT ADDED ENTRY--TOPICAL TERM |
| Topical term or geographic name entry element |
Ciencia política |
| 9 (RLIN) |
170 |
| General subdivision |
aspectos éticos |
| 650 14 - SUBJECT ADDED ENTRY--TOPICAL TERM |
| Topical term or geographic name entry element |
Cultura |
| General subdivision |
aspectos éticos |
| 9 (RLIN) |
171 |
| 700 1# - ADDED ENTRY--PERSONAL NAME |
| Personal name |
Kennedy, Paul M., |
| Dates associated with a name |
1945- |
| Relator term |
aut. |
| 942 ## - ADDED ENTRY ELEMENTS (KOHA) |
| Source of classification or shelving scheme |
|
| Koha item type |
Libros |